000 00289nam a22001337a 4500
008 170216b xxu||||| |||| 00| 0 eng d
020 _a9780763701437
041 _aeng
080 _a61
100 _a4
101 _aSHM
245 _aCLINICAL DECISION MAKING
_cEDDY, D.M
942 _2udc
_cBK
999 _c5654
_d5654